Computer File Extensions - Multiple Choice - Statistics

General Stats
  • This quiz has been taken 1,464 times
  • The average score is 12 of 15
Answer Stats
Question Answer % Correct
.mp4 Video
99%
.pdf Document
95%
.exe Program
92%
.zip Archive
91%
.png Bitmap Image
91%
.htm Webpage
90%
.xls Spreadsheet
83%
.ppt Document
82%
.jar Archive
81%
.svg Vector Image
79%
.ttf Font File
75%
.wav Audio
69%
.ogg Audio
52%
.tiff Bitmap Image
43%
.vb Program
38%
No matching quizzes found
Score Distribution
Percent of People with Each Score
Percentile by Number Answered
Your Score History
You have not taken this quiz